Ecophysiology of photosynthesis

Salvato in:
Dettagli Bibliografici
Autore principale: Schulze, Ernst Detlef
Altri autori: Caldwell, Martyn M
Natura: Libro
Lingua:inglese
Pubblicazione: Berlín, Alemania Springer 1995
Soggetti:
Tags: Aggiungi Tag
Nessun Tag, puoi essere il primo ad aggiungerne!!

MARC

LEADER 00000nam a2200000 a 4500
001 UCP0660
003 CL-VaPUC
005 20211207074354.0
008 990319e19950000GW |||||||||||||||||eng|d
999 |c 279420  |d 279418 
040 |c Pontificia Universidad Católica de Valparaíso 
082 0 4 |a 581.133 SCH 1995  |2 21 
100 0 |a Schulze, Ernst Detlef  |9 426102 
245 1 0 |a Ecophysiology of photosynthesis 
260 0 3 |a Berlín, Alemania  |b Springer  |c 1995 
300 |a 576 páginas 
583 |a last modification  |c 19990319 00:00:00  |k Rodrigo Vera 
650 0 |a Botánica  |9 264202 
650 0 |a Fotosíntesis  |9 261610 
650 7 |a FISIOLOGIA  |2 CL-VaPUC  |9 426104 
650 0 |a Ecología   |9 258124 
650 7 |a FACTORES AMBIENTALES  |2 CL-VaPUC  |9 426105 
650 0 |a Plantas acuáticas  |9 338099 
650 0 |a Metabolismo  |9 259893 
700 0 |a Caldwell, Martyn M  |9 426103 
942 |c BK  |2 ddc 
945 |d 19990319 00:00:00  |a rbrito 
952 |0 0  |1 0  |2 ddc  |4 0  |6 581_133000000000000_SCH_1995  |7 0  |8 A  |9 318718  |a BIBCUR  |b BIBCUR  |d 2019-11-20  |i 3505073  |o 581.133 SCH 1995  |p 3505073  |r 2025-04-22  |t 1  |w 2019-11-20  |y BK  |k BIO